|
|
|
|
| LEADER |
00552nam a2200133Ia 4500 |
| 001 |
54563 |
| 008 |
170722s9999 xx 000 0 und d |
| 100 |
|
|
|a Banarji, Tharasakar
|
| 245 |
|
|
|a Jandji tr by E K Krishanan Azhuthachan. /
|
| 260 |
|
|
|c 1970.
|
| 942 |
|
|
|c GEN
|
| 999 |
|
|
|c 79687
|d 79687
|
| 952 |
|
|
|0 1
|1 0
|4 0
|6 O_1573M98J_32L0L01_KR
|7 0
|9 111751
|a LIB
|b LIB
|d 2017-08-12
|o O157,3M98,J 32L0-L0;1 (KR)
|p 134216
|r 2017-08-12
|w 2017-08-12
|y GEN
|
| 952 |
|
|
|0 0
|1 0
|4 0
|6 O_1573M98J_32L0L01_KR
|7 0
|9 111752
|a LIB
|b LIB
|d 2017-08-12
|o O157,3M98,J 32L0-L0;1 (KR)
|p 180725
|r 2017-08-12
|w 2017-08-12
|y GEN
|